000 00746nam a2200217Ia 4500
003 GCL
005 20240530105241.0
008 140319s9999 xx 000 0 ara d
040 _aGCL /
_cGCL
082 0 4 _a364.153
_bم م
100 1 _aمعوض عبدالتواب
245 1 0 _aالموسوعة الشاملة فى الجرائم المخلة بالاداب العامة وجرائم هتك العرض /
_cمعوض عبدالتواب
260 _a[S.N] :
_bدار المطبوعات الجامعية ،
_c1985
300 _a624 ص
650 0 4 _aالقانون
650 0 4 _aالقانون المدنى
650 0 4 _aالجرائم الجنسية
650 0 4 _aهتك الاعراض
650 0 4 _aالاغتصاب
942 _2ddc
_cBK
999 _c54321
_d54321